Piccolo trattato di oikonomia /

Bibliographic Details
Main Author: Calame, Pierre, (Author)
Other Authors: Morin, Edgar, (writer of foreword.), Mariani, Maurizio, (writer of foreword.)
Format: eBook
Language:Italian
Published: Torino : G. Giappichelli Editore, [2019]
Series:Affrontare insieme le sfide del pianeta ; 1
Subjects:
Online Access:Click to View
LEADER 01743nam a2200421 i 4500
001 EBC6110554
003 MiAaPQ
005 20200608150148.0
006 m o d |
007 cr cnu||||||||
008 200608s2019 it o 000 0 ita d
020 |z 9788892120679 
020 |a 9788892187146 (e-book) 
035 |a (MiAaPQ)EBC6110554 
035 |a (Au-PeEL)EBL6110554 
035 |a (OCoLC)1141502787 
040 |a MiAaPQ  |b eng  |e rda  |e pn  |c MiAaPQ  |d MiAaPQ 
043 |a e-it--- 
050 4 |a HC305  |b .C353 2019 
082 0 |a 330.945  |2 23 
100 1 |a Calame, Pierre,  |e author. 
245 1 0 |a Piccolo trattato di oikonomia /  |c Pierre Calame ; prefazione di Edgar Morin ; prologo di Maurizio Mariani. 
264 1 |a Torino :  |b G. Giappichelli Editore,  |c [2019] 
264 4 |c 2019 
300 |a 1 online resource (xxv, 124 pages). 
336 |a text  |b txt  |2 rdacontent 
337 |a computer  |b c  |2 rdamedia 
338 |a online resource  |b cr  |2 rdacarrier 
490 0 |a Affrontare insieme le sfide del pianeta ;  |v 1 
588 |a Description based on print version record. 
590 |a Electronic reproduction. Ann Arbor, MI : ProQuest, 2018. Available via World Wide Web. Access may be limited to ProQuest affiliated libraries. 
651 0 |a Italy  |x Economic conditions. 
655 4 |a Electronic books. 
700 1 |a Morin, Edgar,  |e writer of foreword. 
700 1 |a Mariani, Maurizio,  |e writer of foreword. 
776 0 8 |i Print version:  |a Calame, Pierre.  |t Piccolo trattato di oikonomia.  |d Torino : G. Giappichelli Editore, c2019   |h xxv, 124 pages   |k Affrontare insieme le sfide del pianeta ; 1   |z 9788892120679 
797 2 |a ProQuest (Firm) 
856 4 0 |u https://ebookcentral.proquest.com/lib/matrademy/detail.action?docID=6110554  |z Click to View